<?xml version="1.0" encoding="UTF-8"?>
<record
    xmlns:xsi="http://www.w3.org/2001/XMLSchema-instance"
    xsi:schemaLocation="http://www.loc.gov/MARC21/slim http://www.loc.gov/standards/marcxml/schema/MARC21slim.xsd"
    xmlns="http://www.loc.gov/MARC21/slim">

  <leader>02545cam a2200433Ii 4500</leader>
  <datafield tag="999" ind1=" " ind2=" ">
    <subfield code="c">3084</subfield>
    <subfield code="d">3084</subfield>
  </datafield>
  <controlfield tag="003">OSt</controlfield>
  <controlfield tag="005">20210813061105.0</controlfield>
  <controlfield tag="008">180702s2018    si a    ob    001 0 eng d</controlfield>
  <datafield tag="020" ind1=" " ind2=" ">
    <subfield code="a">9789811313936</subfield>
  </datafield>
  <datafield tag="020" ind1=" " ind2=" ">
    <subfield code="a">9811313938</subfield>
  </datafield>
  <datafield tag="040" ind1=" " ind2=" ">
    <subfield code="c">ALUPE UNIVERSITY</subfield>
  </datafield>
  <datafield tag="049" ind1=" " ind2=" ">
    <subfield code="a">CLYY</subfield>
  </datafield>
  <datafield tag="050" ind1=" " ind2="4">
    <subfield code="a">QA564</subfield>
    <subfield code="b">.L24 2018</subfield>
  </datafield>
  <datafield tag="100" ind1="1" ind2=" ">
    <subfield code="a">Lakshmibai, V.</subfield>
  </datafield>
  <datafield tag="245" ind1="1" ind2="0">
    <subfield code="a">Flag varieties :</subfield>
    <subfield code="b">an interplay of geometry, combinatorics, and representation theory /</subfield>
    <subfield code="c">V. Lakshmibai, Justin Brown</subfield>
  </datafield>
  <datafield tag="250" ind1=" " ind2=" ">
    <subfield code="a">Second edition</subfield>
  </datafield>
  <datafield tag="264" ind1=" " ind2="1">
    <subfield code="a">Singapore :</subfield>
    <subfield code="b">Springer,</subfield>
    <subfield code="c">2018</subfield>
  </datafield>
  <datafield tag="300" ind1=" " ind2=" ">
    <subfield code="a">1 online resource (xiv, 312 pages) :</subfield>
    <subfield code="b">illustrations</subfield>
  </datafield>
  <datafield tag="336" ind1=" " ind2=" ">
    <subfield code="a">text</subfield>
    <subfield code="b">txt</subfield>
    <subfield code="2">rdacontent</subfield>
  </datafield>
  <datafield tag="337" ind1=" " ind2=" ">
    <subfield code="a">computer</subfield>
    <subfield code="b">c</subfield>
    <subfield code="2">rdamedia</subfield>
  </datafield>
  <datafield tag="338" ind1=" " ind2=" ">
    <subfield code="a">online resource</subfield>
    <subfield code="b">cr</subfield>
    <subfield code="2">rdacarrier</subfield>
  </datafield>
  <datafield tag="347" ind1=" " ind2=" ">
    <subfield code="a">text file</subfield>
    <subfield code="b">PDF</subfield>
    <subfield code="2">rda</subfield>
  </datafield>
  <datafield tag="504" ind1=" " ind2=" ">
    <subfield code="a">Includes bibliographical references and index</subfield>
  </datafield>
  <datafield tag="505" ind1="0" ind2=" ">
    <subfield code="6">880-01</subfield>
  </datafield>
  <datafield tag="520" ind1=" " ind2=" ">
    <subfield code="c">Provided by publisher</subfield>
  </datafield>
  <datafield tag="588" ind1="0" ind2=" ">
    <subfield code="a">Online resource; title from PDF title page (SpringerLink, viewed July 2, 2018)</subfield>
  </datafield>
  <datafield tag="590" ind1=" " ind2=" ">
    <subfield code="a">UCLA Library - CDL shared resource.</subfield>
  </datafield>
  <datafield tag="650" ind1=" " ind2="0">
    <subfield code="a">Flag manifolds</subfield>
  </datafield>
  <datafield tag="650" ind1=" " ind2="0">
    <subfield code="a">Geometry, Algebraic</subfield>
  </datafield>
  <datafield tag="650" ind1=" " ind2="0">
    <subfield code="a">Representations of groups</subfield>
  </datafield>
  <datafield tag="650" ind1=" " ind2="0">
    <subfield code="a">Schubert varieties</subfield>
  </datafield>
  <datafield tag="650" ind1=" " ind2="0">
    <subfield code="a">Semisimple Lie groups</subfield>
  </datafield>
  <datafield tag="700" ind1="1" ind2=" ">
    <subfield code="a">Brown, Justin</subfield>
    <subfield code="q">(Justin Allen),</subfield>
    <subfield code="e">author</subfield>
  </datafield>
  <datafield tag="830" ind1=" " ind2="0">
    <subfield code="v">53.</subfield>
    <subfield code="x">2366-8717</subfield>
  </datafield>
  <datafield tag="880" ind1="8" ind2=" ">
    <subfield code="6">505-00/(S</subfield>
    <subfield code="a">3.3 Ordinary Representations3.4 Tensor Product of Representations; 3.5 Contragradient Representations; 3.6 Restrictions and Inductions; 3.7 Character Group of G; Exercises; 4 Representation Theory of the Symmetric Group; 4.1 The Symmetric Group Sn; 4.2 Frobenius-Young Modules; 4.3 Specht Modules; 4.4 General Case; 4.5 Proof of Theorem 4.3.7; 4.6 Representation Theory of An; Exercises; 5 Symmetric Polynomials; 5.1 Notation and Motivation; 5.2 Several Bases for S (n); 5.3 Kostka Numbers &amp; Determinantal Formulas; 5.4 Results x(Sn(B; Exercises</subfield>
  </datafield>
  <datafield tag="880" ind1="8" ind2=" ">
    <subfield code="6">505-01/(S</subfield>
    <subfield code="a">10.1 Cartan Subgroups10.2 The Weyl Group; 10.3 Regular and Singular Tori; 10.4 Semisimple Rank 1; 10.5 One Parameter Subgroups; 10.6 Reductive Groups; 10.7 Almost Simple Groups; 10.8 Schubert Varieties &amp; Bruhat Decomposition; 10.9 Standard Parabolic Subgroups; Exercises; 11 Representation Theory of Semisimple Algebraic Groups; 11.1 Weight Vectors; 11.2 Geometric Realization of V((Sn(B); 12 Geometry of the Grassmannian, Flag and their Schubert Varieties via Standard Monomial Theory; 12.1 Grassmannian Variety; 12.2 Gd, n Identified with a Homogeneous Space; 12.3 Schubert Varieties</subfield>
  </datafield>
  <datafield tag="910" ind1=" " ind2=" ">
    <subfield code="a">cdl 190227</subfield>
  </datafield>
  <datafield tag="942" ind1=" " ind2=" ">
    <subfield code="2">lcc</subfield>
    <subfield code="c">BK</subfield>
    <subfield code="n">PW</subfield>
  </datafield>
  <datafield tag="952" ind1=" " ind2=" ">
    <subfield code="0">0</subfield>
    <subfield code="1">0</subfield>
    <subfield code="2">lcc</subfield>
    <subfield code="4">0</subfield>
    <subfield code="7">0</subfield>
    <subfield code="a">MLIB</subfield>
    <subfield code="b">MLIB</subfield>
    <subfield code="c">OS</subfield>
    <subfield code="d">2021-08-13</subfield>
    <subfield code="e">DONATION FROM MOI UNIVERSITY</subfield>
    <subfield code="l">0</subfield>
    <subfield code="o">QA564 .L24 2018</subfield>
    <subfield code="p">28004155</subfield>
    <subfield code="r">2021-08-13</subfield>
    <subfield code="w">2021-08-13</subfield>
    <subfield code="y">BK</subfield>
    <subfield code="z">PW</subfield>
  </datafield>
</record>
